Angličtina pre 3.ročník jazykových škôl a pre kurzy

Gespeichert in:
Bibliographische Detailangaben
1. Verfasser: Maříková, Mária (Verfasst von)
Format: Buch
Sprache:Englisch
Veröffentlicht: Bratislava : SPN, 1979
Tags: Tag hinzufügen
Keine Tags, Fügen Sie das erste Tag hinzu!

MARC

LEADER 00000nam a22000003a 4500
001 stu207725
005 20150617230059.3
008 100719s1979----cs------------------eng-d
040 |a STU  |b slo 
041 0 |a eng 
044 |a cs 
080 |a /07/=20 
100 1 |a Maříková, Mária  |4 aut 
245 1 |a Angličtina pre 3.ročník jazykových škôl a pre kurzy 
260 |a Bratislava :  |b SPN,  |c 1979 
300 |a 470 s 
996 |b 284V028572  |c V*16103/E-1041  |l VVT  |s A  |a 24  |w stu207725_0001